Quiero ser pobre (Record no. 171253)
[ view plain ]
| 000 -LEADER | |
|---|---|
| campo de control de longitud fija | 00787nam a22001695i 4500 |
| 001 - NÚMERO DE CONTROL | |
| campo de control | 171253 |
| 003 - IDENTIFICADOR DE NÚMERO DE CONTROL | |
| campo de control | ES-MaACL |
| 005 - FECHA Y HORA DE LA ÚLTIMA TRANSACCIÓN | |
| campo de control | 20251012063101.0 |
| 008 - DATOS DE LONGITUD FIJA--INFORMACIÓN GENERAL | |
| campo de control de longitud fija | 090506s1878 sp |||| | spa d |
| 100 1# - ENTRADA PRINCIPAL--NOMBRE DE PERSONA | |
| Nombre de persona | García Santisteban, Rafael, |
| Fechas asociadas al nombre | 1829-1893 |
| 9 (RLIN) | 140041 |
| 245 10 - MENCIÓN DEL TÍTULO | |
| Título | Quiero ser pobre |
| Resto del título | : comedia en tres actos y en verso original de / |
| Mención de responsabilidad, etc. | Rafael García y Santisteban. |
| 260 ## - PUBLICACIÓN, DISTRIBUCIÓN, ETC. | |
| Lugar de publicación, distribución, etc. | Madrid : |
| Nombre del editor, distribuidor, etc. | [s.n.], |
| Fecha de publicación, distribución, etc. | 1878 ( |
| Fabricante | Imp. de José Rodríguez) |
| 300 ## - DESCRIPCIÓN FÍSICA | |
| Extensión | 77 p. ; |
| Dimensiones | 18 cm. |
| 500 ## - NOTA GENERAL | |
| Nota general | En port.: Estrenada en el teatro de la Comedia en el mes de febrero de 1878. |
| 852 ## - LOCALIZACIÓN | |
| Ubicación | ES-MaACL |
| Número de control de estantería | F-8594(8) |
| Nota libre | .- Enc. pasta española |
| condición física | - Falto de la cub. original |
| Nota libre | - Enc. en un vol. facticio formando parte de la col. facticia "Teatro español moderno", vol. 47 |
| Estatus retirado | Estado de pérdida | Estado de daño | No para préstamo | Colección | Biblioteca de origen | Biblioteca actual | Ubicación en estantería | Fecha de adquisición | Fuente de adquisición | Total de préstamos | Signatura topográfica completa | Código de barras | Visto por última vez | Precio de reemplazo | Tipo de ítem Koha |
|---|---|---|---|---|---|---|---|---|---|---|---|---|---|---|---|
| Libros del s. XIX | Biblioteca del Ateneo de Madrid | Biblioteca del Ateneo de Madrid | Sala Pecera Planta 2 | 06/05/2009 | F-8594(8) | 1179720 | 23/02/2023 | 23/02/2023 | Libro impreso antiguo |
